| Поле | Инд. | ПП | Название | Значение |
|---|---|---|---|---|
| Тип записи | a | |||
| Библиографический уровень | m | |||
| 001 | Контрольный номер | RU/IS/BASE/439916361 | ||
| 005 | Дата корректировки | 20140703211850.6 | ||
| 020 | a | ISBN | 978-5-406-01195-9 | |
| 040 | a | Служба первич. каталог. | НБ ТвГУ | |
| b | Код языка каталог. | rus | ||
| e | Правила каталог. | PSBO | ||
| 041 | 0_ | a | Код языка текста | rus |
| 080 | a | Индекс УДК | 535.12(075.8) | |
| 080 | a | Индекс УДК | 535.14(075.8) | |
| 084 | a | Индекс другой классификации/Индекс ББК | В343я73-1 | |
| 090 | a | Полочн. индекс | В343 | |
| x | Авторский знак | Т 76 | ||
| 100 | 1_ | a | Автор | Трофимова Таисия Ивановна |
| c | Титул (звания) | к.ф.-м.н. | ||
| q | Полное имя | Трофимова Т. И. | ||
| 245 | 10 | a | Заглавие | Основы физики. Волновая и квантовая оптика |
| b | Продолж. заглавия | [учебное пособие] | ||
| 260 | a | Место издания | Москва | |
| b | Издательство | КноРус | ||
| c | Дата издания | 2011 | ||
| 300 | a | Объем | 214, [1] с. | |
| b | Иллюстрации/ тип воспроизводства | ил. | ||
| 500 | a | Примечание | Кн. фактически изд. в 2010 г. | |
| 520 | a | Аннотация | Пособие охватывает все разделы курса физики для инженерно-технических специальностей высших учебных заведений и отвечает программе по физике. Изложение ведется без громоздких математических выкладок, большое внимание уделено разъяснению физической сути явлений и описывающих их понятий, а также преемственности современной и классической физики. Для студентов инженерно-технических специальностей высших учебных заведений. Может быть использовано преподавателями всех типов средних учебных заведений, а также студентами техникумов и колледжей. | |
| 653 | a | Ключевые слова | Волновая оптика | |
| a | Ключевые слова | Квантовая оптика | ||
| a | Ключевые слова | Оптика | ||
| a | Ключевые слова | Учебники для вузов | ||
| a | Ключевые слова | Физика | ||
| 901 | t | Тип документа | m | |
| 920 | a | Оператор | Семен | |
| a | Оператор | Конд | ||
| a | Оператор | Густ | ||
| a | Оператор | Стро | ||
| 930 | a | Новая/Ретро | учебники | |
| 952 | c | Вид литературы | К ру | |
| 954 | a | Дата поступления на обработку | 20131223 | |
| c | Дата окончания ОНО | 20140129 | ||
| b | Дата поступления в ОК | 20131210 |